• AIU
  • Tony Wilmot Memorial Library

Kinsman and foreman /. (Record no. 42656)

MARC details
000 -LEADER
fixed length control field 00395nam a22001571a 4500
003 - CONTROL NUMBER IDENTIFIER
control field NEGST
005 - DATE AND TIME OF LATEST TRANSACTION
control field 20110718133836.0
008 - FIXED-LENGTH DATA ELEMENTS--GENERAL INFORMATION
fixed length control field 030618s1966 001 0 eng d
100 1# - MAIN ENTRY--PERSONAL NAME
Personal name Aluko, T M,
Dates associated with a name 1918-
245 10 - TITLE STATEMENT
Title Kinsman and foreman /.
260 ## - PUBLICATION, DISTRIBUTION, ETC. (IMPRINT)
Place of publication, distribution, etc London :
Name of publisher, distributor, etc Heinemann,
Date of publication, distribution, etc c1966.
300 ## - PHYSICAL DESCRIPTION
Extent 203p.
590 ## - LOCAL NOTE (RLIN)
Local note Accession number: 21359
650 #0 - SUBJECT ADDED ENTRY--TOPICAL TERM
Topical term or geographic name as entry element African fiction.
Holdings
Withdrawn status Lost status Source of classification or shelving scheme Damaged status Not for loan Collection code Home library Current library Shelving location Date acquired Cost, normal purchase price Total Checkouts Total Renewals Full call number Barcode Date last seen Date checked out Copy number Price effective from Koha item type
    Library of Congress Classification     Fiction AIU/NEGST - Tony Wilmot Memorial Library AIU/NEGST - Tony Wilmot Memorial Library Fiction 01/21/2010 2.45 1 1 FIC PZ 4.A468 1966 R08359M3232 09/29/2019 07/10/2018 1 01/21/2010 Books